书目信息 |
| 题名: |
天地会
|
|
| 作者: | ;中国人民大学清史研究所 , 中国第一历史档案馆 编 | |
| 分册: | 一 | |
| 出版信息: | 北京 中国人民大学出版社 1980 |
|
| 页数: | 433页 | |
| 开本: | 20cm | |
| 丛书名: | 清史资料丛刊 | |
| 单 册: | ||
| 中图分类: | K254.42 | |
| 科图分类: | ||
| 主题词: | 中国--历史--1840~1949 | |
| 电子资源: | ||
| ISBN: | ||
| 000 | 00823nam2 2200265 45 | |
| 001 | 0180003208 | |
| 005 | 20060818081108.93 | |
| 010 | @dCNY2.00 | |
| 091 | @a11011.92 | |
| 100 | @a19960215d1980 em y0chiy0121 ea | |
| 101 | 0 | @achi |
| 102 | @aCN@b110000 | |
| 105 | @ay z 000yy | |
| 200 | 10 | @a天地会@Atian di hui@h一@f中国人民大学清史研究所,中国第一历史档案馆编 |
| 210 | @a北京@c中国人民大学出版社@d1980 | |
| 215 | @a433页@d20cm | |
| 225 | 2 | @a清史资料丛刊 |
| 410 | 0 | @120010@a清史资料丛刊 |
| 601 | 02 | @a天地会@x史料 |
| 606 | 0 | @a中国@x历史@z1840~1949 |
| 690 | @aK254.42 | |
| 711 | 02 | @a中国人民大学清史研究所@Azhong guo ren min da xue qing shi yan jiu suo@4编 |
| 711 | 02 | @a中国第一历史档案馆@Azhong guo di yi li shi dang an guan@4编 |
| 801 | 0 | @aCN@bNLC@c20060818 |
| 905 | @f1@b94620@dK254.42@e13:1 | |
| 天地会.一/中国人民大学清史研究所,中国第一历史档案馆编.-北京:中国人民大学出版社,1980 |
| 433页;20cm.-(清史资料丛刊) |
| ISBN :CNY2.00 |
| ● |
| 相关链接 |
|
|
|
|
正题名:天地会
索取号:K254.42/13:1
 
预约/预借
| 序号 | 登录号 | 条形码 | 馆藏地/架位号 | 状态 | 备注 |
| 1 | 0090790 | 001574362 | 第二样本阅览室/ [索取号:K254.42/13:1] | 在馆 | |
| 2 | 0094620 | 001574371 | 第二借阅区/ [索取号:K254.42/13:1] | 在馆 | |
| 3 | 0094621 | 001473088 | 第二借阅区/ [索取号:K254.42/13:1] | 在馆 | |
| 4 | 0443773 | 204437733 | 密集书库/ [索取号:K254.42/13:1] | 在馆 | |
| 5 | 0466412 | 204664121 | 密集书库/ [索取号:K254.42/13:1] | 在馆 |